NARENDRA MODI:THE GAME CHANGER (Record no. 25928)

MARC details
000 -LEADER
fixed length control field 00335nam a22001457a 4500
003 - CONTROL NUMBER IDENTIFIER
control field SGT
020 ## - INTERNATIONAL STANDARD BOOK NUMBER
International Standard Book Number 9789382711186
082 ## - DEWEY DECIMAL CLASSIFICATION NUMBER
Classification number 923.154
Item number N14V
100 ## - MAIN ENTRY--PERSONAL NAME
Personal name VERMA, SUDESH
245 ## - TITLE STATEMENT
Title NARENDRA MODI:THE GAME CHANGER
260 ## - PUBLICATION, DISTRIBUTION, ETC. (IMPRINT)
Place of publication, distribution, etc INDIA
Name of publisher, distributor, etc VITASTA PUB.
Year of Publication 2014
300 ## - PAGE DESCRIPTION
No. of Pages 429
650 ## - SUBJECT ADDED ENTRY--TOPICAL TERM
Topical term or geographic name as entry element PRIME MINISTER OF INDIA
942 ## - ADDED ENTRY ELEMENTS (KOHA)
Source of classification or shelving scheme Dewey Decimal Classification
Koha item type Books
Holdings
Withdrawn status Lost status Source of classification or shelving scheme Damaged status Not for loan Home library Current library Shelving location Date acquired Vendor Name Cost, normal purchase price SGTU Total Checkouts Full call number Accession No. (Barcode) Date last seen Bill Date Koha item type
    Dewey Decimal Classification   Not For Loan SGT Chancellor's Library SGT Chancellor's Library Reference Book 16/04/2024 SGT CHANCELLOR'S COLLECTION 399.00 SGTU   923.154 N14V CH93 16/04/2024 16/04/2024 Books